Nutrition and nutrition status / (Record no. 129586)

MARC details
000 -LEADER
fixed length control field 00742nam a22002537a 4500
003 - CONTROL NUMBER IDENTIFIER
control field 0
005 - DATE AND TIME OF LATEST TRANSACTION
control field 20180705123154.0
008 - FIXED-LENGTH DATA ELEMENTS--GENERAL INFORMATION
fixed length control field 0
010 ## - LIBRARY OF CONGRESS CONTROL NUMBER
LC control number B-220568
020 ## - INTERNATIONAL STANDARD BOOK NUMBER
Terms of availability 500.00
International Standard Book Number 8189239198
035 ## - SYSTEM CONTROL NUMBER
System control number B-220568, B-220569
037 ## - SOURCE OF ACQUISITION
Source of stock number/acquisition Cen Lib/Ret
040 ## - CATALOGING SOURCE
Original cataloging agency DPL
Language of cataloging EN
Transcribing agency 0
082 ## - DEWEY DECIMAL CLASSIFICATION NUMBER
Classification number 641
Item number SHA
100 ## - MAIN ENTRY--PERSONAL NAME
Personal name Sharma, Niraja
9 (RLIN) 19193
245 ## - TITLE STATEMENT
Title Nutrition and nutrition status /
Statement of responsibility, etc by Niraja Sharma
260 ## - PUBLICATION, DISTRIBUTION, ETC. (IMPRINT)
Name of publisher, distributor, etc Murari Lal & Sons
Place of publication, distribution, etc New Delhi
Date of publication, distribution, etc 2006
270 ## - ADDRESS
Address 4378/4B, Ansari Road, Darya Ganj
City New Delhi
Postal code 110002
300 ## - PHYSICAL DESCRIPTION
Extent vi,293p.
Dimensions 22cm(Hb)
500 ## - GENERAL NOTE
General note Includes bibliographical references and index
650 ## - SUBJECT ADDED ENTRY--TOPICAL TERM
Topical term or geographic name as entry element Nutrition
9 (RLIN) 9307
650 ## - SUBJECT ADDED ENTRY--TOPICAL TERM
Topical term or geographic name as entry element Health and Nutrition
9 (RLIN) 26813
942 ## - ADDED ENTRY ELEMENTS (KOHA)
Source of classification or shelving scheme Dewey Decimal Classification
Koha item type English Books
Classification part 641
Call number suffix SHA
Holdings
Withdrawn status Lost status Damaged status Not for loan Home library Current library Date acquired Source of acquisition Cost, normal purchase price Total Checkouts Total Renewals Full call number Barcode Date last seen Date checked out Copy number Cost, replacement price Price effective from Koha item type Source of classification or shelving scheme Collection code
        Central Library Central Library 07/07/2015 Cen Lib/Ret 500.00 2 2 641 SHA B-220568 01/10/2021 21/08/2021 1 500.00 07/07/2015 English Books    
        Patel Nagar Patel Nagar 05/07/2018 BPPD/Pub 0.00 1   641 SHA B-220569 11/05/2019 03/05/2019   0.00 05/07/2018 English Books Dewey Decimal Classification Non-fiction

© Delhi Public Library
Hit Counter
free hit counter